[Event "DEN-ch KP Gr1"]
[Site "Svendborg"]
[Date "2023.04.05"]
[Round "2"]
[White "Nielsen Refs, Karl Emil Elmer"]
[Black "Easwaralingam, Adesh"]
[Result "1/2-1/2"]
[WhiteElo "2024"]
[BlackElo "2164"]
[PlyCount "81"]
[EventDate "2023.04.05"]
[EventType "swiss"]
[EventRounds "5"]
[EventCountry "DEN"]
[SourceTitle "CBM 213 Extra"]
[Source "ChessBase"]
[SourceDate "2023.05.31"]
[SourceVersion "1"]
[SourceVersionDate "2023.05.31"]
[SourceQuality "1"]

1. d4 Nf6 2. c4 e6 3. Nc3 Bb4 4. e3 0-0 5. Bd3 d5 6. Nf3 dxc4 7. Bxc4 c5 8. 0-0 Nc6 9. Ne2 cxd4 10. Nexd4 Bd7 11. Qe2 Qc7 12. a3 Be7 13. Nxc6 Bxc6 14. b3 Bd6 15. h3 e5 16. Bb2 Rad8 17. Rac1 Qe7 18. Rfd1 h6 19. Nh4 Ne4 20. Ng6 Qg5 21. Nxf8 Nc3 22. Qg4 Qxg4 23. hxg4 Nxd1 24. Ne6 fxe6 25. Rxd1 Kf7 26. Bxe5 Be7 27. Rxd8 Bxd8 28. b4 b5 29. Bb3 a5 30. bxa5 Bxa5 31. Bd6 Kf6 32. f4 Bc3 33. Kf2 e5 34. g3 Be4 35. a4 bxa4 36. Bxa4 Ke6 37. Bf8 Kf7 38. Bd6 Ke6 39. Bf8 Kf7 40. Bc5 Bd5 41. Bd7 1/2-1/2

[Event "Walsrode Chessemy op-A"]
[Site "Walsrode"]
[Date "2023.03.08"]
[Round "5"]
[White "Nielsen Refs, Karl Emil Elmer"]
[Black "Schirmer, Werner"]
[Result "1/2-1/2"]
[WhiteElo "1981"]
[BlackElo "1912"]
[PlyCount "70"]
[EventDate "2023.03.04"]
[EventType "swiss"]
[EventRounds "9"]
[EventCountry "GER"]
[SourceTitle "CBM 213 Extra"]
[Source "ChessBase"]
[SourceDate "2023.05.31"]
[SourceVersion "1"]
[SourceVersionDate "2023.05.31"]
[SourceQuality "1"]

1. d4 Nf6 2. c4 g6 3. Nc3 Bg7 4. e4 d6 5. Nf3 0-0 6. Be2 Bg4 7. Be3 Nfd7 8. Qd2 e5 9. d5 Nf6 10. 0-0-0 b5 11. cxb5 a6 12. bxa6 Nxa6 13. h3 Bd7 14. a3 Qb8 15. Qc2 Qb7 16. Nd2 c6 17. Bg5 cxd5 18. Bxf6 Bxf6 19. Nxd5 Bg5 20. h4 Rfc8 21. Bc4 Rxc4 22. Qxc4 Rc8 23. hxg5 Rxc4+ 24. Nxc4 Ba4 25. Nf6+ Kf8 26. Rd3 Nc5 27. Re3 Qc6 28. Kb1 Bb5 29. Nd2 Nd3 30. Ka2 Qc2 31. Rxd3 Qxd3 32. Nf3 Bc4+ 33. Ka1 Qb3 34. Kb1 Qd3+ 35. Ka1 Qb3 1/2-1/2

[Event "Walsrode Chessemy op-A"]
[Site "Walsrode"]
[Date "2023.03.07"]
[Round "4"]
[White "Bargsten, Justus"]
[Black "Nielsen Refs, Karl Emil Elmer"]
[Result "1-0"]
[WhiteElo "2108"]
[BlackElo "1981"]
[PlyCount "71"]
[EventDate "2023.03.04"]
[EventType "swiss"]
[EventRounds "9"]
[EventCountry "GER"]
[SourceTitle "CBM 213 Extra"]
[Source "ChessBase"]
[SourceDate "2023.05.31"]
[SourceVersion "1"]
[SourceVersionDate "2023.05.31"]
[SourceQuality "1"]

1. d4 Nf6 2. c4 e6 3. g3 Bb4+ 4. Nd2 d5 5. Bg2 0-0 6. Ngf3 dxc4 7. Qc2 Bd7 8. Qxc4 Bxd2+ 9. Bxd2 Bc6 10. 0-0 Bd5 11. Qa4 Nbd7 12. Rac1 b6 13. Bb4 Re8 14. Rfd1 Ne4 15. Nd2 Ndf6 16. Nf1 a5 17. Ba3 Nxf2 18. Kxf2 Ng4+ 19. Kg1 Bxg2 20. Kxg2 Qd5+ 21. e4 Qxe4+ 22. Kg1 b5 23. Qxb5 e5 24. Qd3 Qb7 25. Qe2 h5 26. Qg2 Qa7 27. Bc5 Qa6 28. d5 e4 29. Ne3 Ne5 30. Qxe4 Qe2 31. Qg2 Nf3+ 32. Kh1 Rxe3 33. Bxe3 Qxe3 34. Rc3 Re8 35. Rxe3 Rxe3 36. Qf2 1-0

[Event "DEN-ch U16 rapid"]
[Site "Odense"]
[Date "2022.09.30"]
[Round "5"]
[White "Thorsen, Adrian Stenstrop"]
[Black "Nielsen Refs, Karl Emil Elmer"]
[Result "1-0"]
[WhiteElo "1915"]
[BlackElo "2001"]
[PlyCount "81"]
[EventDate "2022.09.30"]
[EventType "swiss"]
[EventRounds "5"]
[EventCountry "DEN"]
[SourceTitle "EXT 2024"]
[Source "ChessBase"]
[SourceDate "2023.10.10"]
[SourceVersion "1"]
[SourceVersionDate "2023.10.10"]
[SourceQuality "1"]

1. d4 Nf6 2. Nc3 d5 3. Bf4 c6 4. e3 g6 5. Nf3 Bg7 6. Ne5 Nh5 7. Bg3 Nxg3 8. hxg3 Nd7 9. Nxd7 Bxd7 10. Qd2 0-0 11. 0-0-0 b5 12. f3 Qa5 13. Kb1 b4 14. Ne2 Qb6 15. Nc1 c5 16. dxc5 Qf6 17. Qd4 e5 18. Qh4 Qxh4 19. Rxh4 Be6 20. Rxb4 Rfc8 21. Nb3 a5 22. Ra4 d4 23. exd4 Bxb3 24. cxb3 exd4 25. Rc1 Bh6 26. f4 Bf8 27. c6 Bb4 28. Be2 Rc7 29. a3 Bd2 30. Rd1 Be3 31. Bf3 Rb8 32. b4 axb4 33. Rxb4 Rxb4 34. axb4 d3 35. Rxd3 Bf2 36. b5 Kf8 37. Rb3 Bb6 38. Ra3 Rc8 39. Ra6 Rb8 40. Rxb6 Rxb6 41. c7 1-0

[Event "Nordic-ch U15"]
[Site "Helsingborg"]
[Date "2022.08.26"]
[Round "2"]
[White "Nielsen Refs, Karl Emil Elmer"]
[Black "Hald Falkesgaard, Jeppe"]
[Result "1-0"]
[WhiteElo "2057"]
[BlackElo "1962"]
[PlyCount "67"]
[EventDate "2022.08.26"]
[EventType "swiss"]
[EventRounds "6"]
[EventCountry "SWE"]
[SourceTitle "EXT 2023"]
[Source "ChessBase"]
[SourceDate "2022.10.05"]
[SourceVersion "1"]
[SourceVersionDate "2022.10.05"]
[SourceQuality "1"]

1. d4 Nf6 2. c4 c6 3. Nc3 d5 4. Nf3 e6 5. Bg5 dxc4 6. e4 b5 7. e5 h6 8. Bh4 g5 9. Nxg5 hxg5 10. Bxg5 Be7 11. Bxf6 Bxf6 12. exf6 Qxf6 13. a4 Rh4 14. axb5 Rxd4 15. Qh5 Bb7 16. Be2 Nd7 17. 0-0 Ne5 18. f4 Nd7 19. Bf3 Rd6 20. Ne4 Qd4+ 21. Kh1 Rd5 22. Ng5 Qf6 23. Bxd5 cxd5 24. Nxe6 Qxb2 25. Nc7+ Kf8 26. Nxa8 d4 27. Qh8+ Ke7 28. Rae1+ Kd6 29. Rg1 Qf2 30. Rd1 f6 31. Qd8 Bd5 32. Qc7+ Ke6 33. Rde1+ Ne5 34. Rxe5+ 1-0

[Event "Bronshoj Seniors Sommer"]
[Site "Copenhagen"]
[Date "2022.08.18"]
[Round "3"]
[White "Wahlgreen, Noah Krug"]
[Black "Nielsen Refs, Karl Emil Elmer"]
[Result "0-1"]
[WhiteElo "2063"]
[BlackElo "2057"]
[PlyCount "76"]
[EventDate "2022.08.18"]
[EventType "tourn"]
[EventRounds "7"]
[EventCountry "DEN"]
[SourceTitle "EXT 2024"]
[Source "ChessBase"]
[SourceDate "2023.10.10"]
[SourceVersion "1"]
[SourceVersionDate "2023.10.10"]
[SourceQuality "1"]

1. e4 c5 2. Nf3 d6 3. d4 cxd4 4. Nxd4 Nf6 5. Nc3 a6 6. f3 e5 7. Nb3 Be6 8. Be3 h5 9. Nd5 Bxd5 10. exd5 Nbd7 11. Qd2 g6 12. Be2 b5 13. a4 bxa4 14. Rxa4 Nb6 15. Ra5 Bg7 16. Bxa6 0-0 17. c4 Rxa6 18. Rxa6 Nxc4 19. Qe2 Nxe3 20. Qxe3 Nxd5 21. Qd2 Qh4+ 22. g3 Qc4 23. Rxd6 Nb4 24. Qc3 Qb5 25. Kf2 e4 26. Nd4 Nd3+ 27. Ke3 Qe5 28. Rd7 Bh6+ 29. Ke2 Rb8 30. b3 Ra8 31. Qc7 Ra2+ 32. Nc2 exf3+ 33. Kxd3 Qe2+ 34. Kd4 Bg7+ 35. Kd5 Qe6+ 36. Kc5 Rxc2+ 37. Kb4 Rxc7 38. Rxc7 Qb6+ 0-1

[Event "Norway Chess op-A"]
[Site "Stavanger"]
[Date "2022.06.03"]
[Round "1"]
[White "Gajcin, Marina"]
[Black "Nielsen Refs, Karl Emil Elmer"]
[Result "1-0"]
[WhiteElo "2281"]
[BlackElo "1984"]
[PlyCount "47"]
[EventDate "2022.06.03"]
[EventType "swiss"]
[EventRounds "9"]
[EventCountry "NOR"]
[SourceTitle "CBM 208 Extra"]
[Source "ChessBase"]
[SourceDate "2022.07.31"]
[SourceVersion "1"]
[SourceVersionDate "2022.07.31"]
[SourceQuality "1"]

1. e4 c5 2. Nf3 d6 3. d4 cxd4 4. Nxd4 Nf6 5. Nc3 a6 6. Bg5 e6 7. f4 Nbd7 8. Qe2 Qc7 9. 0-0-0 Be7 10. g4 b5 11. a3 Bb7 12. Bg2 Qb6 13. Rhe1 0-0 14. Bh4 Kh8 15. Bf2 b4 16. Nxe6 Qa5 17. axb4 Qa1+ 18. Kd2 Qxb2 19. Rb1 Qxb1 20. Rxb1 fxe6 21. g5 Ne8 22. Be3 g6 23. Qc4 Ng7 24. Qc7 1-0

[Event "Koge EMT op 3rd"]
[Site "Koge"]
[Date "2022.04.29"]
[Round "1"]
[White "Nielsen Refs, Karl Emil Elmer"]
[Black "Thuesen, Mogens Henrik"]
[Result "1-0"]
[WhiteElo "1955"]
[BlackElo "2224"]
[PlyCount "49"]
[EventDate "2022.04.29"]
[EventType "swiss"]
[EventRounds "5"]
[EventCountry "DEN"]
[SourceTitle "CBM 208 Extra"]
[Source "ChessBase"]
[SourceDate "2022.07.31"]
[SourceVersion "1"]
[SourceVersionDate "2022.07.31"]
[SourceQuality "1"]

1. d4 d5 2. c4 e6 3. Nc3 c6 4. cxd5 exd5 5. Qc2 Bd6 6. Nf3 Ne7 7. Bg5 f6 8. Bd2 Bf5 9. e4 Bg6 10. Bd3 Nd7 11. 0-0 0-0 12. Rfe1 dxe4 13. Nxe4 Nb6 14. Nh4 Bc7 15. Bb4 Nbd5 16. Nxg6 hxg6 17. Bc4 Rf7 18. Bxe7 Rxe7 19. Bxd5+ cxd5 20. Nc5 Kf7 21. Rxe7+ Qxe7 22. Qb3 Qd6 23. g3 Bb6 24. Re1 Bxc5 25. Qxb7+ 1-0

[Event "Bronshoj Spring"]
[Site "Copenhagen"]
[Date "2022.03.24"]
[Round "2"]
[White "Nielsen Refs, Karl Emil Elmer"]
[Black "Tandrup, Michael"]
[Result "0-1"]
[WhiteElo "2015"]
[BlackElo "1915"]
[PlyCount "62"]
[EventDate "2022.03.24"]
[EventType "tourn"]
[EventRounds "5"]
[EventCountry "DEN"]
[SourceTitle "EXT 2024"]
[Source "ChessBase"]
[SourceDate "2023.10.10"]
[SourceVersion "1"]
[SourceVersionDate "2023.10.10"]
[SourceQuality "1"]

1. d4 Nf6 2. c4 e6 3. Nc3 Bb4 4. e3 d5 5. a3 Be7 6. cxd5 exd5 7. Qc2 0-0 8. Nf3 b6 9. b4 Bb7 10. Bd3 Nbd7 11. 0-0 c5 12. bxc5 bxc5 13. Rb1 Qc8 14. a4 Ba6 15. a5 cxd4 16. exd4 Bxd3 17. Qxd3 Qc7 18. Nb5 Qxa5 19. Bf4 Rfc8 20. Nc7 Rxc7 21. Qe2 Bd8 22. Ra1 Qb6 23. Ra6 Rc2 24. Qd3 Qb2 25. Qe3 Bb6 26. Raa1 Re8 27. Qd3 Ne4 28. Ne5 Nxe5 29. Bxe5 f6 30. f3 fxe5 31. fxe4 Qxd4+ 0-1

[Event "DEN-ch U14 rapid"]
[Site "Odense"]
[Date "2021.10.01"]
[Round "2"]
[White "Hald Falkesgaard, Jeppe"]
[Black "Nielsen Refs, Karl Emil Elmer"]
[Result "1/2-1/2"]
[WhiteElo "1828"]
[BlackElo "1755"]
[PlyCount "85"]
[EventDate "2021.10.01"]
[EventType "swiss"]
[EventRounds "5"]
[EventCountry "DEN"]
[SourceTitle "EXT 2024"]
[Source "ChessBase"]
[SourceDate "2023.10.10"]
[SourceVersion "1"]
[SourceVersionDate "2023.10.10"]
[SourceQuality "1"]

1. d4 Nf6 2. c4 g6 3. Nc3 Bg7 4. e4 d6 5. Be2 0-0 6. Be3 e5 7. d5 Nfd7 8. g4 a5 9. Qd2 Na6 10. Bh6 Nf6 11. Bxg7 Kxg7 12. h3 Nc5 13. Bf3 h6 14. Nge2 Bd7 15. 0-0-0 Rb8 16. g5 hxg5 17. Qxg5 b5 18. cxb5 Bxb5 19. Qe3 Rh8 20. h4 Nh5 21. Bxh5 Rxh5 22. Ng3 Rxh4 23. Rdg1 Rxh1 24. Nf5+ Kg8 25. Rxh1 Nd3+ 26. Kb1 Nf4 27. Nxb5 Rxb5 28. Rg1 Kf8 29. Rh1 Qf6 30. Qa7 gxf5 31. Qa8+ Ke7 32. Rh8 Qxh8 33. Qxh8 fxe4 34. Qh4+ Ke8 35. a3 Nxd5 36. Ka2 e3 37. fxe3 Nxe3 38. Qa4 c6 39. Qh4 Nd5 40. Qh8+ Ke7 41. Qc8 Rc5 42. Qb7+ Ke6 43. Qc8+ 1/2-1/2

[Event "DEN-ch U14 rapid"]
[Site "Odense"]
[Date "2020.11.20"]
[Round "5"]
[White "Pihl, William"]
[Black "Nielsen Refs, Karl Emil Elmer"]
[Result "0-1"]
[WhiteElo "1719"]
[BlackElo "1525"]
[PlyCount "90"]
[EventDate "2020.11.20"]
[EventType "swiss"]
[EventRounds "5"]
[EventCountry "DEN"]
[SourceTitle "EXT 2024"]
[Source "ChessBase"]
[SourceDate "2023.10.10"]
[SourceVersion "1"]
[SourceVersionDate "2023.10.10"]
[SourceQuality "1"]

1. e4 c5 2. Nf3 d6 3. d4 cxd4 4. Nxd4 Nf6 5. Nc3 g6 6. Be3 Bg7 7. Be2 0-0 8. Qd2 Nc6 9. h3 d5 10. exd5 Nxd5 11. Nxd5 Qxd5 12. Bf3 Qe5 13. c3 Nxd4 14. Qxd4 Qxd4 15. Bxd4 Bxd4 16. cxd4 Rb8 17. 0-0 b6 18. Rfe1 e6 19. Rad1 Bb7 20. Bxb7 Rxb7 21. d5 exd5 22. Rxd5 Rc7 23. Re2 Rfc8 24. Red2 Kg7 25. f3 Rc2 26. Rd7 Rxd2 27. Rxd2 Rc7 28. Kf2 h5 29. Ke3 Kf6 30. Rd6+ Ke7 31. Rd2 Ke6 32. a4 Rc4 33. b3 Rc3+ 34. Rd3 Rxd3+ 35. Kxd3 Kd5 36. g4 f5 37. gxh5 gxh5 38. f4 h4 39. b4 a6 40. a5 b5 41. Kd2 Kd4 42. Kd1 Kc4 43. Kd2 Kxb4 44. Kd3 Kc5 45. Kc3 b4+ 0-1

[Event "EU-ch U12"]
[Site "Bratislava"]
[Date "2019.08.05"]
[Round "4"]
[White "Kien, Lancelot"]
[Black "Nielsen Refs, Karl Emil Elmer"]
[Result "0-1"]
[WhiteElo "1293"]
[BlackElo "1567"]
[PlyCount "44"]
[EventDate "2019.08.02"]
[EventType "swiss"]
[EventRounds "9"]
[EventCountry "SVK"]
[SourceTitle "EXT 2020"]
[Source "ChessBase"]
[SourceDate "2019.10.17"]
[SourceVersion "1"]
[SourceVersionDate "2019.10.17"]
[SourceQuality "1"]

1. e4 c5 2. Nf3 d6 3. d4 cxd4 4. Nxd4 Nf6 5. f3 g6 6. c4 Bg7 7. Be3 0-0 8. Nc3 Nc6 9. Be2 Qb6 10. Qd2 Nxe4 11. fxe4 Bxd4 12. Bh6 Bg7 13. Bxg7 Kxg7 14. 0-0-0 Be6 15. Nd5 Bxd5 16. Qc3+ e5 17. exd5 Nd4 18. Bf3 Rac8 19. Kb1 Qa6 20. b3 b5 21. Rc1 bxc4 22. bxc4 Rb8+ 0-1